Tiburón

En la costa de un pequeño pueblo del este de Estados Unidos, un enorme tiburón blanco ataca a varias personas. Por temor a los nefastos efectos que este hecho podría tener sobre el negocio turístico, el alcalde se niega a cerrar las playas y a difundir la noticia. Pero un nuevo ataque del tiburón te...

Descripción completa

Guardado en:
Autor Principal: Spielberg, Steven.
Autor Corporativo: Universal Pictures.
Otros Autores: Benchley, Peter; Novela., Williams, John; Música., Scheider, Roy; Reparto., Shaw, Robert; Reparto., Dreyfuss, Richard; Reparto.
Formato: Deslizar
Idioma:Undetermined
Publicado: Estados Unidos : Universal Pictures, 1975.
Materias:
Etiquetas: Agregar Etiqueta
Sin Etiquetas, Sea el primero en etiquetar este registro!
LEADER 01451ngm a22002655a 4500
001 CEM.cems020507
008 230928s1975####xx#---############vlund#d
005 20230928203303.0
245 1 0 |a Tiburón  |h [videograbación] /  |c Steven Spielberg. 
260 |a Estados Unidos :  |b Universal Pictures,  |c 1975. 
300 |a 119'. 
520 |a En la costa de un pequeño pueblo del este de Estados Unidos, un enorme tiburón blanco ataca a varias personas. Por temor a los nefastos efectos que este hecho podría tener sobre el negocio turístico, el alcalde se niega a cerrar las playas y a difundir la noticia. Pero un nuevo ataque del tiburón termina con la vida de un bañista. Cuando el terror se apodera de todos, un veterano cazador de tiburones, un oceanógrafo y el jefe de la policía local se unen para intentar capturar al escualo. 
590 |a Identificación anterior: 196 
538 |a oporte: DVD -- Formato: AVI – Peso: 1.11gb -- Resolución: 512 x 240 -- 25 fps 
500 |a Título original: Jaws – Idioma: Inglés – Subtítulos: Español. 
100 1 |a Spielberg, Steven. 
700 1 |a Benchley, Peter; Novela. 
700 1 |a Williams, John; Música. 
700 1 |a Scheider, Roy; Reparto. 
700 1 |a Shaw, Robert; Reparto. 
700 1 |a Dreyfuss, Richard; Reparto. 
710 2 |a Universal Pictures. 
653 |a LARGOMETRAJE 
653 |a FICCIÓN 
859 |a CEMS  |b BIB. CEMS - Depto. Recursos Didacticos  |h 778.5  |i SPI-1  |k DRD  |p 3141.23  |t Ej.1